U.S. States by First Letter - Statistics

General Stats
  • This quiz has been taken 421 times
  • The average score is 17 of 19
Answer Stats
Hint Answer % Correct
A Alabama + 3
100%
C California + 2
97%
I Idaho + 3
95%
G Georgia
94%
K Kansas + 1
94%
N Nebraska + 7
94%
M Maine + 7
93%
O Ohio + 2
93%
D Delaware
92%
F Florida
91%
W Washington + 3
91%
H Hawaii
90%
P Pennsylvania
89%
T Tennessee + 1
89%
U Utah
88%
V Vermont + 1
88%
R Rhode Island
86%
S South Carolina + 1
86%
L Louisiana
82%
No matching quizzes found
Score Distribution
Percent of People with Each Score
Percentile by Number Answered
Your Score History
You have not taken this quiz